|
|
|
|
| LEADER |
00799ncm a22002292a 4500 |
| 001 |
001228292 |
| 003 |
CZ BrMZK |
| 005 |
20120703112004.0 |
| 007 |
qu |
| 008 |
120703s1893 gw |||||||||||||||||ger d |
| 040 |
|
|
|a BOA001
|b cze
|
| 072 |
|
7 |
|a 784
|x Vokální hudba
|2 Konspekt
|9 9
|
| 100 |
1 |
|
|a Jadassohn, Salomon,
|d 1831-1902
|7 xx0064082
|4 cmp
|
| 245 |
1 |
0 |
|a Drei Gesänge, Op. 81
|h [hudebnina] :
|b für Frauenstimmen mit Begleitung des Pianoforte /
|c Salomon Jadassohn
|
| 260 |
|
|
|a Leipzig :
|b Peters,
|c 1893
|
| 300 |
|
|
|a 1 partitura (15 s.) + 3 hlasy (4, 4, 4 s.)
|
| 490 |
1 |
|
|a Edition Peters ;
|v Nr. 2262
|
| 830 |
|
0 |
|a Edition Peters
|
| 910 |
|
|
|a BOA001
|b Mus4-0424.794
|
| 990 |
|
|
|a MU
|
| 991 |
|
|
|b 201207
|
| 996 |
6 |
|
|b 2619054450
|c Mus4-0424.794
|l MZK
|r Sklad / do 1 hodiny
|n 0
|p W
|w 001262033
|u 000010
|a 1
|e BOA001
|j MZK50
|s P
|